Statistics for Historical Terminology

Click here to take the quiz!

General Stats

  • This quiz has been taken 24 times
  • The average score is 4 of 15

Answer Stats

HintAnswer% Correct
Ruling dynasty in China between 1368 and 1644 famous for its porcelain and trade expansionsMing
73%
Title in the Mali Empire meaning sultan or king with the most famous being Musa IMansa
50%
Policy of relaxing tensions between the Soviet Union and the West from 1969 to 1974Détente
36%
The government of an authoritarian state run by high-ranking officers of a militaryJunta
36%
Politically unstable countries with economies dependent on the exportation of products such as mineralsBanana Republic
32%
Soviet government agency in charge of the forced labor camps active under the reigns of Vladimir Lenin and Josef StalinGulag
27%
Part of England between 865 until 954 where the Danes dominated those of the Anglo-SaxonsDanelaw
18%
Supporters of the Pope in the central and northern Italian city-states during the 12th and 13th century, rivals to the GhibellinesGuelphs
18%
Agreement which signing in 1497 divided the new world between the Spanish and Portuguese EmpiresTreaty of Tordesillas
18%
Topmost member of a columnCapital
14%
Former name of BeninDahomey
14%
Political event which restored the practical imperial rule to Japan in 1868 from the Tokugawa Clan to Emperor MutsuhitoMeiji Restoration
14%
Naval blockade and foreign policy of Napoleon during the Napoleonic wars against the United KingdomContinental System
9%
Secret treaty between the United Kingdom and France which would partition the Ottoman Empire after the First World WarSykes-Picot Agreement
9%
A military union of a Roman Legion normally composed of 480 soldiersCohort
5%

Score Distribution

Percentile by Number Answered

Percent of People with Each Score

Your Score History

You have not taken this quiz